000 00384nam a22001577a 4500
003 OSt
005 20220111152617.0
008 220111b |||||||| |||| 00| 0 eng d
020 _a9789389441003
040 _aHU
_cDDC
082 _a428.007/WIL
245 _aCOMMUNICATIVE ENGLISH SKILL-I
260 _aENGLAND
_bARTZ BOOKS
_c2020
300 _aVIII,238P,20CM
942 _2ddc
_cBOOKS
_n0
999 _c26604
_d26604